[Event "BAN-ch U20"]
[Site "Dhaka"]
[Date "2022.02.20"]
[Round "6"]
[White "Souradip, Datta"]
[Black "Mortuza Mahathir, Islam"]
[Result "0-1"]
[WhiteElo "1198"]
[BlackElo "1877"]
[PlyCount "52"]
[EventDate "2022.02.15"]
[EventType "swiss"]
[EventRounds "9"]
[EventCountry "BAN"]
[SourceTitle "CBM 207 Extra"]
[Source "ChessBase"]
[SourceDate "2022.05.31"]
[SourceVersion "1"]
[SourceVersionDate "2022.05.31"]
[SourceQuality "1"]

1. e4 c5 2. Nf3 e6 3. d4 cxd4 4. Nxd4 Nc6 5. Nc3 Nf6 6. Bg5 Be7 7. Nxc6 bxc6 8. e5 Nd5 9. Bxe7 Qxe7 10. Nxd5 exd5 11. Qd4 d6 12. f4 0-0 13. 0-0-0 dxe5 14. fxe5 Re8 15. Re1 Be6 16. a3 c5 17. Qd2 Rab8 18. c3 Rb6 19. Re2 c4 20. Qd4 Reb8 21. g3 Rb5 22. b4 Rxb4 23. Rd2 Rb2 24. Rxb2 Qxa3 25. Qd2 Qa1+ 26. Kc2 Rxb2# 0-1